Importance of Electromobility in the Context of Environmental Protection
Identifikácia záujmu spotrebiteľov o ochranu životného prostredia s cieľom navrhnúť odporúčania pre vývoj elektromobilov - výsledky dotazníkového prieskumu na Slovensku z 08/2017.
Salvato in:
| Autore principale: | |
|---|---|
| Altri autori: | , |
| Natura: | Capitolo di libro |
| Lingua: | inglese |
| Soggetti: | |
| Tags: |
Nessun Tag, puoi essere il primo ad aggiungerne!!
|
MARC
| LEADER | 00000nla$a2200000$$$4500 | ||
|---|---|---|---|
| 001 | 0242727 | ||
| 005 | 20240502083650.8 | ||
| 041 | 0 | |a eng | |
| 044 | |a ID | ||
| 245 | 1 | 0 | |a Importance of Electromobility in the Context of Environmental Protection |c Peter Drábik, Paulína Krnáčová, Ferdinand Daňo |
| 520 | |a Identifikácia záujmu spotrebiteľov o ochranu životného prostredia s cieľom navrhnúť odporúčania pre vývoj elektromobilov - výsledky dotazníkového prieskumu na Slovensku z 08/2017. | ||
| 610 | 2 | 0 | |a ekológia |
| 610 | 2 | 0 | |a prostredie životné |
| 610 | 2 | 0 | |a ochrana prostredia životného |
| 610 | 2 | 0 | |a doprava |
| 610 | 2 | 0 | |a priemysel automobilový |
| 610 | 2 | 0 | |a inovácie environmentálne |
| 610 | 2 | 0 | |a inovácia |
| 610 | 2 | 0 | |a elektromobily |
| 610 | 2 | 0 | |a správanie spotrebiteľa |
| 610 | 2 | 0 | |a spotrebitelia |
| 610 | 2 | 0 | |a zákazníci |
| 610 | 2 | 0 | |a vývoj |
| 610 | 2 | 0 | |a Slovensko |
| 100 | 1 | |a Drábik, Peter, 1981- | |
| 700 | 1 | |a Krnáčová, Paulína, 1983- | |
| 700 | 1 | |a Daňo, Ferdinand, 1959- | |